LEADER 00807nam0-22003011i-450- 001 990008119250403321 005 20050525170022.0 035 $a000811925 035 $aFED01000811925 035 $a(Aleph)000811925FED01 035 $a000811925 100 $a20050525d1974----km-y0itay50------ba 101 0 $aita 102 $aIT 105 $ay-------001yy 200 1 $aBrecht e il teatro sociologico$fa cura di Sergio Velluti 210 $aRoma$cCremonese$dİ 1974 215 $a126 p.$d19 cm 225 1 $aUomini e problemi$v13 676 $a832$v20$zita 702 1$aVelluti,$bSergio 801 0$aIT$bUNINA$gRICA$2UNIMARC 901 $aBK 912 $a990008119250403321 952 $aXI G AA.VV. 56$b6078$fDFD 959 $aDFD 996 $aBrecht e il teatro sociologico$9758079 997 $aUNINA LEADER 00992nam0-2200313---450- 001 990009567590403321 005 20120507141413.0 035 $a000956759 035 $aFED01000956759 035 $a(Aleph)000956759FED01 035 $a000956759 100 $a20120507d2002----km-y0itay50------ba 101 0 $aita 102 $aIT 105 $ay-------001yy 200 1 $aIgiene e disinfezione clinica nelle strutture ospedaliere$eprincipi e tecniche applicate per gli anni 2000$fA. Raitano, C. Curti, G. Agolini 210 $aMilano$cEdizioni kappadue$dc2002 215 $aXIV, 556 p.$d25 cm 610 0 $aOspedali$aIgiene 700 1$aRaitano,$bAntonino$091405 701 1$aAgolini,$bGiuliano$0516373 701 1$aCurti,$bCesarina$0516374 801 0$aIT$bUNINA$gRICA$2UNIMARC 901 $aBK 912 $a990009567590403321 952 $a80 XVII E 3$b10734$fFFABC 959 $aFFABC 996 $aIgiene e disinfezione clinica nelle strutture ospedaliere$9847451 997 $aUNINA